[Event "Mondariz Marcote Memorial"]
[Site "Mondariz"]
[Date "2014.08.23"]
[Round "8"]
[White "Gomez Asenjo, Hector Luis"]
[Black "Represa Garazo, Juan Manuel"]
[Result "1-0"]
[WhiteElo "1509"]
[BlackElo "1555"]
[PlyCount "69"]
[EventDate "2014.08.16"]
[EventType "swiss"]
[EventRounds "9"]
[EventCountry "ESP"]
[SourceTitle "EXT 2015"]
[Source "ChessBase"]
[SourceDate "2014.11.20"]
[SourceVersion "1"]
[SourceVersionDate "2014.11.20"]
[SourceQuality "1"]

1. c4 e5 2. Nc3 Nc6 3. g3 g6 4. Bg2 Bg7 5. d3 f5 6. e3 Nf6 7. Nge2 0-0 8. a3 d6 9. b4 Bd7 10. Bd2 Rb8 11. 0-0 h6 12. Nd5 Ne7 13. Nxf6+ Bxf6 14. Nc3 g5 15. a4 Qe8 16. Nb5 c6 17. Nxd6 Qg6 18. c5 f4 19. Be4 Bf5 20. Nxf5 Nxf5 21. g4 Qg7 22. Bxf5 f3 23. Bc3 e4 24. Bxf6 Rxf6 25. dxe4 h5 26. Qxf3 h4 27. h3 Rd8 28. Rad1 Qc7 29. Rxd8+ Qxd8 30. Rd1 Qf8 31. e5 Rf7 32. Be6 Kg7 33. Qxf7+ Qxf7 34. Bxf7 Kxf7 35. Rd7+ 1-0